Tractores y motores agricolas / (Registro nro. 16941)
[ vista simple ]
| 000 -CABECERA | |
|---|---|
| Longitud fija campo de control | 00571nam a2200205 a 4500 |
| 003 - • IDENTIFICADOR DELl NÚMERO DE CONTROL | |
| Identificador del número de control | CO-ViMGA |
| 008 - • CÓDIGOS DE INFORMACIÓN DE LONGITUD FIJA | |
| Códigos de información de longitud fija | 141112s2004 ck r 000 u spa d |
| 040 ## - FUENTE DE LA CATALOGACIÓN | |
| Centro catalogador de origen | CO-ViMGA |
| Lengua de catalogación | spa |
| Centro transcriptor | CO-ViMGA |
| 082 04 - • NÚMERO DE LA CLASIFICACIÓN DECIMAL DEWEY | |
| Número de clasificación (R) | 631.3 A751 |
| 100 1# - • PUNTO DE ACCESO PRINCIPAL-NOMBRE DE PERSONA | |
| Nombre de persona | Arnal Atares, Pedro V |
| 245 10 - • TITULO PROPIAMENTE DICHO | |
| Título | Tractores y motores agricolas / |
| Mención de responsabilidad, etc. | Arnal Pedro , Laguna Blanca Antonio |
| 250 ## - • MENCIÓN DE EDICIÓN | |
| Mención de edición | 2a |
| 300 ## - • DESCRIPCIÓN FÍSICA | |
| Extensión | 429 p |
| 590 ## - NOTAS LOCALES | |
| Nota local | Ejemplares : 2 |
| 650 14 - • PUNTO DE ACCESO ADICIONAL DE MATERIA - TÉRMINO DE MATERIA | |
| Término de materia o nombre geográfico como elemento inicial | Laguna Blanca, Antonio |
| 650 14 - • PUNTO DE ACCESO ADICIONAL DE MATERIA - TÉRMINO DE MATERIA | |
| Término de materia o nombre geográfico como elemento inicial | MAQUINARIA AGRICOLA |
| 942 ## - ENTRADA DE ELEMENTOS AGREGADOS (KOHA) | |
| Fuente de clasificaión o esquema | Dewey Decimal Classification |
| Koha [por defecto] tipo de item | LIbro |
| Perdido | Fuente de clasificación o esquema | Estado Físico | No para préstamo | Forma de adquisición | Localización permanente | Localización actual | Fecha adquisición | Serie de enumeración / cronolog&íacute;a | Préstamos totales | Signatura completa | Código de barras | Fecha última consulta | Número de copia | Fecha del precio de reemplazo | Tipo de item de Koha |
|---|---|---|---|---|---|---|---|---|---|---|---|---|---|---|---|
| Dewey Decimal Classification | Sala Especializada Tercer Piso | Biblioteca Pública Germán Arciniegas - Villavicencio | Biblioteca Pública Germán Arciniegas - Villavicencio | 12/04/2015 | 2 EDICION | 11/jun/2009 | 631.3 A751 | 4938 | 12/04/2015 | Ej. 1 | 12/04/2015 | LIbro | ||||
| Dewey Decimal Classification | Sala Especializada Tercer Piso | Biblioteca Pública Germán Arciniegas - Villavicencio | Biblioteca Pública Germán Arciniegas - Villavicencio | 12/04/2015 | 3 EDICION | 11/jun/2009 | 631.3 A751 | 49380 | 06/14/2018 | 3 EDICION | 12/04/2015 | LIbro |